000 01240 a2200205 4500
001 117260
020 _a9781889636191
020 _qbroch.
082 _a372
100 _aForrest, Donna B.
520 _aUnfortunately, we can no longer assume that children will understand and honor the concepts of responsibility, respect, courage, kindness, and other positive charcter traits. This book offers a wonderfully unique approach to help students to better comprehend and practice these traits which are fundamental for success in school and throughout life. It offers one-of-a-kind detailed lesson plans (some of which include bulletin board ideas), parent letters, children's literature ideas, and reproducibles. It also features daily character-building statements that can be used throughout the school year. This book works great in conjunction with Donna's other book, 180 Days of Character.
697 _aCharacter counts
856 _u000029/000029f0.jpg
040 _aBR-BrIDEA
_cBR-BrIDEA
090 _aPL 372
_bFOR
245 1 0 _aCharacter under construction
_bcharacter building actvities & reproducibles for grades K-6
_cDonna B. Forrest
260 _aChapin, SC
_bYouthLight
_c2005
300 _a174 p.
_bill.
942 _cBK
999 _c117260
_d117260